Statistics for Germany National Football Team Scorers 2020s

Click here to take the quiz!

General Stats

  • This quiz has been taken 211 times
  • The average score is 12 of 21

Answer Stats

GoalsLastPlayer% Correct
72023Thomas Müller
95%
82023Leroy Sané
91%
92023Serge Gnabry
90%
132022Timo Werner
88%
32023Joshua Kimmich
85%
132023Kai Havertz
83%
32021Leon Goretzka
79%
22023Jamal Musiala
76%
112023İlkay Gündoğan
69%
12021Mats Hummels
69%
102023Niclas Füllkrug
69%
22023Antonio Rüdiger
64%
22021Marco Reus
62%
22021Robin Gosens
38%
12021Karim Adeyemi
24%
12020Matthias Ginter
21%
42022Jonas Hofmann
20%
12020Julian Draxler
20%
22021Florian Neuhaus
7%
12021Ridle Baku
5%
22020Luca Waldschmidt
2%

Score Distribution

Percentile by Number Answered

Percent of People with Each Score

Your Score History

You have not taken this quiz